000 00388nam a2200145Ia 4500
008 231217s9999 xx 000 0 und d
041 _aEnglish
082 _a005.7 HAN;1 `R'
100 _aHan, JiaweiKamber, Micheline
245 0 _aData mining: Concepts and techniques
260 _c2001
_bNew Delhi : Harcourt India,
300 _axxiv+550
650 _aData mining
942 _cAA
999 _c168139
_d168139